000
00313nam a22001337a 4500
082
_a
823
_b
CAR/N
100
_a
CARRE, JOHN LEE
245
_a
THE NIGHTMANAGER
246
_a
THE NIGHTMANAGER
_b
THE NIGHTMANAGER
260
_a
LONDON
_b
HODDER& STOUGHTON
_c
1993
300
_a
443
650
_a
ENGLISH STORY
942
_c
BK
999
_c
9193
_d
9193